[Event "53rd Groningen Open 2015"]
[Site "Groningen NED"]
[Date "2015.12.24"]
[Round "4.13"]
[White "Maris, Ivo"]
[Black "Maatman, Nick"]
[Result "1-0"]
[WhiteTitle "FM"]
[WhiteElo "2352"]
[BlackElo "2258"]
[WhiteFideId "1028146"]
[BlackFideId "1040391"]
[EventDate "2015.12.21"]

1. d4 Nf6 2. c4 e6 3. Nc3 Bb4 4. Qc2 O-O 5. Nf3 d5 6. cxd5 exd5 7. Bf4 c5 8. e3
Ne4 9. Bd3 Bf5 10. dxc5 Nd7 11. c6 bxc6 12. Nd4 Bxc3+ 13. bxc3 Bg6 14. f3 Nec5
15. Bxg6 hxg6 16. Nxc6 Qf6 17. Nd4 Rfe8 18. Kf2 Rac8 19. h4 Ne5 20. Rad1 Rb8 21.
Nb3 Ne6 22. Bxe5 Qxe5 23. Qd2 Red8 24. Rb1 Rbc8 25. Nd4 Rc4 26. Rb7 Rdc8 27. Ne2
Ra4 28. Rd1 Rc5 29. Rd7 Raa5 30. Nd4 Qh2 31. Nb3 Qxh4+ 32. Kg1 d4 33. Nxc5 Rxc5
34. Qf2 Qh6 35. cxd4 Rh5 36. Kf1 Qg5 37. Rb7 Rh1+ 38. Ke2 Rh2 39. Rb8+ Kh7 40.
d5 Nd8 41. d6 Qc5 42. Rb2 Qc4+ 43. Kd2 Ne6 44. Rc2 Qb4+ 45. Kc1 Rh5 46. d7 Qa3+
47. Kb1 Qb4+ 48. Rb2 1-0

[Event "53rd Groningen Open 2015"]
[Site "Groningen NED"]
[Date "2015.12.24"]
[Round "4.14"]
[White "Henseler, Jorgen"]
[Black "De Jong, Migchiel"]
[Result "0-1"]
[BlackTitle "IM"]
[WhiteElo "2044"]
[BlackElo "2336"]
[WhiteFideId "1023233"]
[BlackFideId "1002848"]
[EventDate "2015.12.21"]

1. c4 b6 2. Nc3 Bb7 3. e4 e5 4. Nf3 Nc6 5. d4 exd4 6. Nxd4 Bb4 7. Be3 Nf6 8. f3
O-O 9. Qd2 Re8 10. O-O-O Nxd4 11. Bxd4 d6 12. a3 Bc5 13. g4 Nd7 14. Be2 Bxd4 15.
Qxd4 Nc5 16. Qe3 a5 17. g5 f5 18. gxf6 Qxf6 19. Rhg1 Ne6 20. Rg4 h5 21. Rg3 Qf4
22. Qxf4 Nxf4 23. Rdg1 Re7 24. Bf1 Rf8 25. Kd2 Rf6 26. Rg5 Ne6 27. Rxh5 Rxf3 28.
Be2 Nd4 29. Rg2 Rf6 30. Nd5 Bxd5 31. exd5 Rf4 32. Bg4 g6 33. Rg5 Kh7 34. Bd1 Nf5
35. Bc2 Rd4+ 36. Kc1 Re1+ 0-1

[Event "53rd Groningen Open 2015"]
[Site "Groningen NED"]
[Date "2015.12.24"]
[Round "4.15"]
[White "Beerdsen, Thomas"]
[Black "Gerlagh, Joris"]
[Result "1-0"]
[WhiteTitle "FM"]
[WhiteElo "2323"]
[BlackElo "2159"]
[WhiteFideId "1030108"]
[BlackFideId "1038834"]
[EventDate "2015.12.21"]

1. e4 c5 2. Nf3 e6 3. d4 cxd4 4. Nxd4 Nc6 5. Nc3 Qc7 6. f4 Nxd4 7. Qxd4 b6 8.
Bd2 Bb7 9. Nb5 Qc6 10. Bb4 Nf6 11. Bxf8 Kxf8 12. e5 Qe4+ 13. Be2 Qxd4 14. Nxd4
Ne4 15. Bf3 f5 16. O-O-O Ke7 17. Nb5 Bc6 18. Bxe4 Bxe4 19. Nd6 Bc6 20. h4 Rhg8
21. Rd2 g6 22. b4 b5 23. a4 a6 24. a5 Bd5 25. Rh3 h6 26. Rg3 Raf8 27. Rdd3 Rg7
28. Kd2 Rfg8 29. Kc3 Bc6 30. Kd4 Kd8 31. Kc5 Kc7 32. c3 Rb8 33. Rd1 Rbg8 34. Rh1
Rb8 35. Rhh3 Rbg8 36. Rh2 Bd5 37. h5 Bc6 38. hxg6 Rxg6 39. Rxg6 Rxg6 40. Nf7 Rg4
41. Rxh6 Rxf4 42. Nd6 Bd5 43. Rh8 Rc4+ 44. Nxc4 Bxc4 45. g3 Bd5 46. Rh2 Bc6 47.
Rd2 Be4 48. Rd6 Bc6 49. Kd4 Kb7 50. Ke3 Kc7 51. Kf4 Kd8 52. Kg5 1-0

[Event "53rd Groningen Open 2015"]
[Site "Groningen NED"]
[Date "2015.12.24"]
[Round "4.16"]
[White "Schoppen, Casper"]
[Black "Boer, Alef"]
[Result "1/2-1/2"]
[WhiteElo "2305"]
[BlackElo "2125"]
[WhiteFideId "1046730"]
[BlackFideId "1007122"]
[EventDate "2015.12.21"]

1. d4 d5 2. c4 dxc4 3. Nf3 c6 4. e3 Be6 5. Nc3 b5 6. a4 b4 7. Ne4 Bd5 8. Nc5 Nd7
9. Nxd7 Qxd7 10. Qc2 Nf6 11. Bxc4 e6 12. Bd3 b3 13. Qe2 Be4 14. Bxe4 Nxe4 15.
O-O Qb7 16. Nd2 Nxd2 17. Bxd2 Be7 18. Rfc1 O-O 19. Qf3 Rfc8 20. Rc4 a5 21. Rac1
Ra6 22. h3 g6 23. g3 Bb4 24. Qd1 Rb6 25. Bxb4 Rxb4 26. Qd2 Rb8 27. h4 h5 28. Qc3
Qd7 29. Kf1 Rxc4 30. Qxc4 Rb4 31. Qxc6 Qxc6 32. Rxc6 Rxa4 33. Rb6 Ra1+ 34. Kg2
a4 35. Rb8+ Kg7 36. e4 Ra2 37. Rb4 Rxb2 38. Rxa4 Rd2 39. Rb4 b2 40. d5 exd5 41.
exd5 Rxd5 42. Rxb2 1/2-1/2

[Event "53rd Groningen Open 2015"]
[Site "Groningen NED"]
[Date "2015.12.24"]
[Round "4.17"]
[White "Ratsma, Midas"]
[Black "Pajeken, Wolfgang"]
[Result "1-0"]
[BlackTitle "FM"]
[WhiteElo "2131"]
[BlackElo "2304"]
[WhiteFideId "1032283"]
[BlackFideId "4622170"]
[EventDate "2015.12.21"]

1. d4 Nf6 2. Bg5 e6 3. e4 h6 4. Bxf6 Qxf6 5. c3 d6 6. Bd3 e5 7. Ne2 Nc6 8. O-O
g5 9. Bb5 a6 10. Qa4 Bd7 11. d5 Nb8 12. Na3 c6 13. dxc6 Nxc6 14. Bd3 h5 15. Ng3
h4 16. Nf5 Bxf5 17. exf5 d5 18. b4 Rd8 19. b5 axb5 20. Nxb5 Bd6 21. Nxd6+ Qxd6
22. Rab1 Qc7 23. Qg4 f6 24. c4 d4 25. Be4 Ra8 26. Qf3 Ke7 27. Rb2 Na5 28. Rfb1
Ra7 29. Rb6 Nc6 30. Bxc6 bxc6 31. Rxc6 Qd7 32. h3 g4 33. hxg4 h3 34. gxh3 Rxh3
35. Qxh3 1-0

[Event "53rd Groningen Open 2015"]
[Site "Groningen NED"]
[Date "2015.12.24"]
[Round "4.18"]
[White "Saravanan, V."]
[Black "Bianco, Valerio"]
[Result "1-0"]
[WhiteTitle "IM"]
[WhiteElo "2283"]
[BlackElo "2035"]
[WhiteFideId "5000580"]
[BlackFideId "800600"]
[EventDate "2015.12.21"]

1. d4 Nf6 2. c4 c5 3. d5 g6 4. Nc3 d6 5. e4 Bg7 6. f3 O-O 7. Bg5 e6 8. Qd2 exd5
9. cxd5 a6 10. a4 Nbd7 11. Nh3 Rb8 12. Be2 Qa5 13. O-O Ne5 14. Nf2 Qb4 15. a5
Bd7 16. Qc1 c4 17. Be3 Rfc8 18. Qd2 h5 19. Ra3 Bb5 20. Rfa1 Nd3 21. Nxb5 Qxd2
22. Bxd2 axb5 23. Nxd3 cxd3 24. Bxd3 Nxe4 25. fxe4 Bxb2 26. R3a2 Bxa1 27. Rxa1
Ra8 28. Bb4 b6 29. a6 Rd8 30. Bxb5 Ra7 31. Bc6 Kg7 32. Kf2 f6 33. Bb7 Rd7 34.
Rc1 1-0

[Event "53rd Groningen Open 2015"]
[Site "Groningen NED"]
[Date "2015.12.24"]
[Round "4.19"]
[White "Heemskerk, Wim"]
[Black "Veltman, Anne"]
[Result "1-0"]
[WhiteTitle "FM"]
[WhiteElo "2181"]
[BlackElo "2032"]
[WhiteFideId "1001000"]
[BlackFideId "1026917"]
[EventDate "2015.12.21"]

1. Nf3 g6 2. g3 Bg7 3. Bg2 c5 4. c4 Nc6 5. Nc3 a6 6. O-O Rb8 7. a4 Nh6 8. d3 Nf5
9. Bd2 O-O 10. Rb1 Nb4 11. Qb3 d6 12. e4 Nd4 13. Nxd4 Bxd4 14. Ne2 Nc6 15. Nxd4
Nxd4 16. Qd1 b5 17. axb5 axb5 18. cxb5 Be6 19. b4 c4 20. dxc4 Bxc4 21. Re1 e5
22. Be3 Nxb5 23. Qd2 Qd7 24. h4 f5 25. Ra1 fxe4 26. Bxe4 d5 27. Rec1 Rfd8 28.
Bg2 Qe6 29. Kh2 d4 30. Bg5 Rd6 31. Ra5 Nc3 32. Bh3 Qe8 33. Rxc3 Rxb4 34. Rc1
Rdb6 35. Bg2 Rb2 36. Rc2 1-0

[Event "53rd Groningen Open 2015"]
[Site "Groningen NED"]
[Date "2015.12.24"]
[Round "4.20"]
[White "Chaurette, Laurent"]
[Black "Kasparova, Tatiana"]
[Result "0-1"]
[BlackTitle "WIM"]
[WhiteElo "1987"]
[BlackElo "2158"]
[WhiteFideId "2623323"]
[BlackFideId "13501453"]
[EventDate "2015.12.21"]

1. d4 Nf6 2. Nf3 c5 3. d5 d6 4. Nc3 g6 5. e4 Bg7 6. Be2 O-O 7. O-O e6 8. Bf4
exd5 9. exd5 Bg4 10. h3 Bxf3 11. Bxf3 a6 12. a4 Qb6 13. Qd2 Nbd7 14. a5 Qc7 15.
Rfe1 Rfe8 16. g4 Rxe1+ 17. Rxe1 Ne8 18. Ne4 Ne5 19. Be2 Nf6 20. Nxf6+ Bxf6 21.
c4 b6 22. Bg5 Bxg5 23. Qxg5 Re8 24. Kf1 bxa5 25. Bd1 Rf8 26. b3 Qd8 27. Qe3 Qf6
28. Kg2 g5 29. h4 h6 30. hxg5 hxg5 31. f3 Ng6 32. Bc2 Nf4+ 33. Kf1 Qh6 34. Qg1
Kg7 35. Re7 Rh8 36. Ra7 Qf6 37. Rxa6 Qa1+ 38. Kf2 0-1

[Event "53rd Groningen Open 2015"]
[Site "Groningen NED"]
[Date "2015.12.24"]
[Round "4.22"]
[White "Wacker, Peter"]
[Black "Bollen, Guus"]
[Result "1-0"]
[WhiteTitle "FM"]
[WhiteElo "2335"]
[BlackElo "2135"]
[WhiteFideId "4615751"]
[BlackFideId "1027883"]
[EventDate "2015.12.21"]

1. e4 c5 2. Nf3 d6 3. Bb5+ Nd7 4. c4 Nf6 5. Nc3 g6 6. d4 cxd4 7. Bxd7+ Bxd7 8.
Nxd4 Bg7 9. O-O a6 10. Qd3 O-O 11. f3 Rc8 12. b3 b5 13. cxb5 Bxb5 14. Ncxb5 axb5
15. Be3 b4 16. Rac1 Qd7 17. Qd2 Qb7 18. Rxc8 Rxc8 19. Rc1 Rxc1+ 20. Qxc1 Nd7 21.
Qc6 Qa7 22. Nf5 Nc5 23. Qe8+ Bf8 24. Nh6+ 1-0

[Event "53rd Groningen Open 2015"]
[Site "Groningen NED"]
[Date "2015.12.24"]
[Round "4.23"]
[White "Bhattacharjee, Sourav"]
[Black "Warmerdam, Max"]
[Result "1/2-1/2"]
[BlackTitle "FM"]
[WhiteElo "2067"]
[BlackElo "2335"]
[WhiteFideId "1048090"]
[BlackFideId "1048104"]
[EventDate "2015.12.21"]

1. e4 c5 2. Nf3 Nc6 3. d4 cxd4 4. Nxd4 g6 5. c4 Bg7 6. Be3 Nf6 7. Nc3 O-O 8. f3
d6 9. Qd2 Bd7 10. Be2 Nxd4 11. Bxd4 a5 12. O-O Bc6 13. Rac1 Nd7 14. Be3 Nc5 15.
Nd5 e6 16. Nc3 Be5 17. Bd3 Nxd3 18. Qxd3 Qh4 19. f4 Bg7 20. Bd4 Bxd4+ 21. Qxd4
Rad8 22. Qf2 Qh5 23. f5 Qg4 24. h3 Qg5 25. Qf4 Qf6 26. fxe6 Qxf4 27. Rxf4 fxe6
28. Rcf1 Rxf4 29. Rxf4 Rf8 30. Rxf8+ Kxf8 31. Kf2 Ke7 32. Ke3 Kf6 33. Kd4 Kg5
34. Ke3 Kf6 35. Kd4 g5 36. a4 g4 37. h4 g3 38. b3 Kg6 39. Ne2 Kh5 40. Nxg3+ Kxh4
41. Ne2 Kg4 42. Ke3 h5 43. Nd4 Bd7 44. Kf2 Kf4 45. Ne2+ Kxe4 46. Ng3+ Kd4 47.
Nxh5 Be8 48. Nf4 Bf7 49. Ne2+ Kd3 50. g4 e5 51. Ng3 d5 52. Nf5 d4 53. Nd6 Be6
54. Nxb7 Bxg4 55. c5 e4 56. Nxa5 e3+ 57. Ke1 Ke4 58. Nc4 d3 59. c6 Kd4 60. c7
Bc8 61. a5 Bb7 62. Nb2 d2+ 63. Ke2 Bc8 64. Kf3 Bb7+ 65. Ke2 Bc8 66. Kf3 Ba6 67.
b4 e2 68. c8=Q Bxc8 69. Kxe2 Kc3 70. Nd1+ 1/2-1/2

[Event "53rd Groningen Open 2015"]
[Site "Groningen NED"]
[Date "2015.12.24"]
[Round "4.24"]
[White "Afek, Yochanan"]
[Black "Sparenberg, Erik"]
[Result "1-0"]
[WhiteTitle "IM"]
[WhiteElo "2267"]
[BlackElo "2110"]
[WhiteFideId "2800462"]
[BlackFideId "1013262"]
[EventDate "2015.12.21"]

1. b3 c5 2. Bb2 Nc6 3. f4 Nf6 4. Nf3 e6 5. e3 Be7 6. Be2 O-O 7. O-O b6 8. d3 Nd5
9. Qd2 Bf6 10. c3 Qc7 11. g3 g6 12. e4 Nde7 13. d4 cxd4 14. cxd4 d5 15. e5 Bg7
16. Nc3 a6 17. Rac1 b5 18. a4 b4 19. Na2 Qb6 20. Rc5 Bd7 21. Rfc1 Rfc8 22. Kg2
Bf8 23. g4 Na5 24. Qe3 Nec6 25. R5c2 Na7 26. Nd2 Rxc2 27. Rxc2 Rc8 28. Rxc8 Bxc8
29. Nc1 Qc7 30. Bd3 N5c6 31. Ne2 a5 32. Nf3 Qb6 33. Ng3 Ne7 34. h4 Bg7 35. h5
Nac6 36. f5 exf5 37. gxf5 Nxf5 38. Nxf5 Bxf5 39. Bxf5 gxf5 40. h6 Bh8 41. Qg5+
Kf8 42. Qxf5 Ne7 43. Qxh7 Qg6+ 44. Qxg6 Nxg6 45. Bc1 f6 46. exf6 Bxf6 47. Kg3
Kf7 48. Kg4 Ne7 49. Bg5 Nc8 1-0

[Event "53rd Groningen Open 2015"]
[Site "Groningen NED"]
[Date "2015.12.24"]
[Round "4.25"]
[White "Keetman, Maaike"]
[Black "Den Hartog, Marijn"]
[Result "0-1"]
[WhiteElo "2087"]
[BlackElo "2197"]
[WhiteFideId "1033697"]
[BlackFideId "1046098"]
[EventDate "2015.12.21"]

1. e4 e6 2. d4 d5 3. e5 c5 4. c3 Qb6 5. Nf3 Bd7 6. a3 Bb5 7. c4 Bxc4 8. Bxc4
dxc4 9. d5 exd5 10. Qxd5 Ne7 11. Qxc4 Qa6 12. Nbd2 Ng6 13. O-O Be7 14. Qxa6 Nxa6
15. Ne4 O-O 16. Be3 Rfd8 17. Rfd1 h6 18. Kf1 b6 19. Nc3 Nb8 20. Nd5 Nc6 21.
Nxe7+ Ngxe7 22. Bf4 Ng6 23. Bg3 Kf8 24. Rac1 Ke7 25. Ke2 Ke6 26. Rd6+ Rxd6 27.
exd6 Nce5 28. Nxe5 Nxe5 29. Ke3 Re8 30. b4 Kxd6 31. bxc5+ bxc5 32. Ke4 g6 33.
Rd1+ Ke6 34. f4 f5+ 35. Ke3 Nc4+ 36. Kf3 Nxa3 37. Ra1 Nb5 38. Bf2 Kd5 39. Ra5
Nd4+ 40. Bxd4 Kxd4 41. Rxa7 Re6 42. Rd7+ Kc3 43. Rd5 c4 44. Re5 Rd6 0-1

[Event "53rd Groningen Open 2015"]
[Site "Groningen NED"]
[Date "2015.12.24"]
[Round "4.26"]
[White "Schweitzer, Werner"]
[Black "Theulings, Paul-Peter"]
[Result "1/2-1/2"]
[BlackTitle "CM"]
[WhiteElo "2067"]
[BlackElo "2182"]
[WhiteFideId "1622927"]
[BlackFideId "1002899"]
[EventDate "2015.12.21"]

1. e4 Nf6 2. e5 Nd5 3. d4 d6 4. Nf3 Nc6 5. c4 Nb6 6. e6 fxe6 7. Nc3 g6 8. h4 Bg7
9. Be3 e5 10. d5 Nd4 11. Nxd4 exd4 12. Bxd4 Bxd4 13. Qxd4 e5 14. dxe6 O-O 15. h5
Qf6 16. O-O-O Bxe6 17. hxg6 hxg6 18. Nb5 Qxd4 19. Rxd4 Bf7 20. Kb1 a6 21. Nxc7
Rac8 22. Rdh4 Kg7 23. Rh7+ Kf6 24. Nd5+ Nxd5 25. cxd5 Bxd5 26. Bd3 Rfe8 27. f3 1/2-1/2

[Event "53rd Groningen Open 2015"]
[Site "Groningen NED"]
[Date "2015.12.24"]
[Round "4.27"]
[White "Hommes, Elmar"]
[Black "Yaaqoub, Rashid"]
[Result "0-1"]
[BlackTitle "FM"]
[WhiteElo "2078"]
[BlackElo "2175"]
[WhiteFideId "1017136"]
[BlackFideId "12200336"]
[EventDate "2015.12.21"]

1. Nf3 Nf6 2. d4 e6 3. c4 d5 4. g3 c5 5. Bg2 Nc6 6. O-O Be7 7. cxd5 exd5 8. Nc3
O-O 9. dxc5 Bxc5 10. b3 Be6 11. Bb2 a6 12. Rc1 Ba7 13. Ng5 Qe7 14. Nxe6 fxe6 15.
e3 Rad8 16. Qe2 e5 17. Rfd1 d4 18. exd4 Nxd4 19. Qc4+ Kh8 20. Re1 b5 21. Qf1 Ng4
22. Ne4 Nxf2 23. Nxf2 Rxf2 24. Qxf2 Nf5 25. Rxe5 Bxf2+ 26. Kh1 Qg5 27. Be4 Qg4
28. Kg2 Ba7 0-1

[Event "53rd Groningen Open 2015"]
[Site "Groningen NED"]
[Date "2015.12.24"]
[Round "4.28"]
[White "Amesz, Jaap"]
[Black "Willemsma, Abe"]
[Result "1-0"]
[WhiteElo "2166"]
[BlackElo "2067"]
[WhiteFideId "1007106"]
[BlackFideId "1011561"]
[EventDate "2015.12.21"]

1. e4 e6 2. d4 d5 3. Nc3 Bb4 4. e5 b6 5. Qg4 Bf8 6. Bb5+ Bd7 7. Bd3 c5 8. Nf3
Nc6 9. O-O cxd4 10. Nb5 Nh6 11. Bxh6 gxh6 12. Rfe1 a6 13. Nd6+ Bxd6 14. Qg7 Bxe5
15. Nxe5 Ke7 16. Qxf7+ Kd6 17. Nxc6 Kxc6 18. Qf4 Rf8 19. Qxd4 Qf6 20. Re5 Qf4
21. Qxf4 Rxf4 22. Bxh7 Kd6 23. Rae1 Raf8 24. f3 a5 25. Bd3 Rg8 26. Rh5 Rf6 27.
f4 Rg4 28. g3 Be8 29. Rhe5 Bd7 30. Kf2 Rg8 31. Ke3 Rh8 32. Kd4 h5 33. h4 Rg8 34.
Rg5 Rff8 35. Ree5 Be8 36. Be2 Bf7 37. Bd3 Be8 38. Rxg8 Rxg8 39. Rg5 Rf8 40. Be2
Rf5 41. Rxf5 exf5 42. Bf3 1-0

[Event "53rd Groningen Open 2015"]
[Site "Groningen NED"]
[Date "2015.12.24"]
[Round "4.29"]
[White "Andersen, Alf R."]
[Black "Hilwerda, Jonas"]
[Result "1/2-1/2"]
[WhiteElo "2163"]
[BlackElo "2012"]
[WhiteFideId "1503120"]
[BlackFideId "1046713"]
[EventDate "2015.12.21"]

1. e4 e5 2. Nf3 Nc6 3. d4 exd4 4. Nxd4 Bc5 5. Be3 Qf6 6. Nb5 Bxe3 7. fxe3 Qh4+
8. g3 Qxe4 9. Nxc7+ Kd8 10. Nxa8 Qxh1 11. Qg4 Nge7 12. Nd2 Qxh2 13. O-O-O Qh6
14. Bg2 Qxe3 15. Qxg7 Rg8 16. Qxf7 Ne5 17. Qf6 Nc4 18. Bd5 Nxd2 19. Rxd2 Qg5 20.
Qxg5 Rxg5 21. Be4 Rxg3 22. Rf2 d5 23. Rf8+ Kd7 24. Bxh7 b6 25. Bd3 Rg8 26. Bb5+
Kd6 27. Rf6+ Ke5 28. Rf7 Kd6 29. Rf6+ Ke5 30. Rf7 Kd6 31. Rf6+ Ke5 32. Rf7 1/2-1/2

[Event "53rd Groningen Open 2015"]
[Site "Groningen NED"]
[Date "2015.12.24"]
[Round "4.30"]
[White "Sand, Rolf"]
[Black "Kalaiyalahan, Akshaya"]
[Result "0-1"]
[WhiteElo "2033"]
[BlackElo "2157"]
[WhiteFideId "4610334"]
[BlackFideId "422894"]
[EventDate "2015.12.21"]

1. c4 e5 2. g3 Nc6 3. Nc3 Bc5 4. Bg2 a6 5. Nf3 d6 6. O-O Nge7 7. e3 Ba7 8. d4
exd4 9. Nxd4 Nxd4 10. exd4 O-O 11. Be3 Nf5 12. Qd2 Rb8 13. Rae1 h6 14. d5 Nxe3
15. fxe3 Qe7 16. Kh1 Bd7 17. e4 b5 18. cxb5 axb5 19. b4 Qe5 20. Rc1 Qd4 21. Qxd4
Bxd4 22. Rfd1 Be3 23. Rc2 g5 24. Ne2 Bb6 25. Nd4 Rfe8 26. Bf3 Ra8 27. Nf5 Ra3
28. Kg2 Kh7 29. g4 Rea8 30. Rdd2 R8a4 31. Rb2 Rc3 32. Bd1 Ra8 33. Rb3 Rc4 34.
Kf3 Ra4 35. Rdb2 Bxf5 36. gxf5 Bd4 37. Be2 Bxb2 38. Bxc4 Rxa2 39. Bxb5 Be5 40.
h3 h5 41. Bf1 Bd4 42. Bc4 Rf2+ 43. Kg3 h4+ 44. Kg4 Kh6 0-1

[Event "53rd Groningen Open 2015"]
[Site "Groningen NED"]
[Date "2015.12.24"]
[Round "4.31"]
[White "Dehn, Marcus"]
[Black "Drozdowski, Konrad"]
[Result "1/2-1/2"]
[WhiteElo "2152"]
[BlackElo "1987"]
[WhiteFideId "4667093"]
[BlackFideId "1106279"]
[EventDate "2015.12.21"]

1. d4 d5 2. g3 Nf6 3. Bg2 Bf5 4. c3 Nbd7 5. Nf3 e6 6. O-O h6 7. Qb3 Nb6 8. a4 a5
9. Bf4 Bd6 10. Bxd6 Qxd6 11. Nbd2 O-O 12. Ne5 Rfb8 13. f3 Bh7 14. Rfe1 Nfd7 15.
f4 c5 16. Qa3 Qc7 17. e3 Nxe5 18. fxe5 cxd4 19. exd4 Nc4 20. Nxc4 Qxc4 21. Re3
Bc2 22. Bf1 Qb3 23. Bb5 Rc8 24. Rf3 Rf8 25. Rf2 Rac8 26. Kf1 Rc7 27. Ke1 Qxa3
28. Rxa3 Be4 29. Kd2 f6 30. exf6 Rxf6 31. Rxf6 gxf6 32. Rb3 b6 33. Ba6 Rc6 34.
Rb5 Bg6 35. b4 axb4 36. Rxb4 Kf8 37. Bb7 Rd6 38. Kc1 Bd3 39. a5 bxa5 40. Ra4 Rb6
41. Bc8 Rc6 42. Bd7 Ra6 43. Bc8 Rc6 44. Bd7 Ra6 45. Bc8 Bb5 46. Ra3 Rd6 47. Rxa5
Bd7 48. Bb7 Kg7 49. Ra8 Bb5 50. h4 Be2 51. Kd2 Bh5 52. Ba6 Bg4 53. Ra7+ Kg6 54.
Bb5 h5 55. Ke3 Rb6 56. Be8+ Kh6 57. Rf7 e5 58. Rc7 Rb2 59. dxe5 fxe5 60. Bf7 1/2-1/2

[Event "53rd Groningen Open 2015"]
[Site "Groningen NED"]
[Date "2015.12.24"]
[Round "4.33"]
[White "Elgersma, Simon"]
[Black "Ernst, Michael"]
[Result "1/2-1/2"]
[WhiteElo "2017"]
[BlackElo "2177"]
[WhiteFideId "1046101"]
[BlackFideId "1618393"]
[EventDate "2015.12.21"]

1. e4 e5 2. Nf3 Nc6 3. Bb5 Bc5 4. c3 Nf6 5. Qe2 O-O 6. O-O d6 7. h3 h6 8. Rd1 a6
9. Ba4 Bd7 10. d3 Qe7 11. Nbd2 Ba7 12. Bc2 Rfe8 13. Nf1 Rad8 14. Ng3 d5 15. Nh4
dxe4 16. dxe4 Qf8 17. Qf3 Kh7 18. Nhf5 Ng8 19. Nh5 Bxf5 20. Rxd8 Rxd8 21. exf5
f6 22. Be4 Qd6 23. Be3 Bxe3 24. fxe3 Qd2 25. Qg3 Rd7 26. Kh2 Qe2 27. Bf3 Qxe3
28. Rd1 Re7 29. Qg6+ Kh8 30. Bxc6 bxc6 31. h4 Qf2 32. Kh3 Qe3+ 33. Kh2 Qe4 34.
Kh3 Qe3+ 35. Kh2 Qf2 36. Kh3 Qe3+ 1/2-1/2

[Event "53rd Groningen Open 2015"]
[Site "Groningen NED"]
[Date "2015.12.24"]
[Round "4.34"]
[White "Vogel, Jaap"]
[Black "Ratsma, Rosa"]
[Result "1/2-1/2"]
[WhiteTitle "FM"]
[WhiteElo "2121"]
[BlackElo "2059"]
[WhiteFideId "1000764"]
[BlackFideId "1033662"]
[EventDate "2015.12.21"]

1. d4 Nf6 2. Nf3 g6 3. g3 Bg7 4. Bg2 O-O 5. O-O d6 6. c4 Nc6 7. Nc3 a6 8. Bf4
Rb8 9. Rc1 h6 10. h3 g5 11. Bd2 e5 12. d5 Ne7 13. e4 Ne8 14. h4 f6 15. Qc2 c5
16. dxc6 bxc6 17. Be3 c5 18. hxg5 fxg5 19. Nd5 Nc6 20. b3 Nc7 21. Nxc7 Qxc7 22.
Qd2 a5 23. Rb1 Ba6 24. Nh2 Nd4 25. f4 gxf4 26. gxf4 exf4 27. Bxf4 Bxc4 28. bxc4
Rxb1 29. Rxb1 Rxf4 30. e5 dxe5 31. Rb7 Qd6 32. Bd5+ Kh8 33. Qxa5 Ne2+ 34. Kh1
Qg6 35. Rb8+ Kh7 36. Bg8+ Kh8 37. Bf7+ Kh7 38. Bg8+ Kh8 39. Bf7+ 1/2-1/2

[Event "53rd Groningen Open 2015"]
[Site "Groningen NED"]
[Date "2015.12.24"]
[Round "4.35"]
[White "Taal, Rieks"]
[Black "Halfhide, Sebastian"]
[Result "1-0"]
[WhiteElo "2071"]
[BlackElo "2119"]
[WhiteFideId "1043978"]
[BlackFideId "1045946"]
[EventDate "2015.12.21"]

1. d4 Nf6 2. c4 e6 3. g3 Bb4+ 4. Bd2 Qe7 5. Bg2 O-O 6. Nc3 c5 7. a3 cxd4 8. axb4
dxc3 9. Bxc3 d5 10. cxd5 exd5 11. Bxf6 Qxf6 12. Qd2 Nc6 13. Nf3 Bf5 14. O-O Be4
15. Rfc1 a6 16. Rc5 b6 17. Rcc1 Qd6 18. b5 axb5 19. Rxa8 Rxa8 20. Nd4 Nxd4 21.
Qxd4 Bxg2 22. Kxg2 Qe6 23. Rc3 Qe4+ 24. Qxe4 dxe4 25. g4 g6 26. Rb3 Ra5 27. Kg3
h6 28. Kf4 g5+ 29. Kf5 Kg7 30. e3 Ra1 31. Kxe4 Rh1 32. Rxb5 Rxh2 33. Kf3 f6 34.
Rxb6 h5 35. gxh5 Rxh5 36. b4 Rh1 37. b5 Rb1 38. Ke4 Rb2 39. f3 Kg6 40. Rb8 Rb4+
41. Kd5 Kf5 42. b6 g4 43. fxg4+ Kxg4 44. b7 Kf3 45. e4 Rb5+ 46. Kc6 Rb1 47. Rf8
Rc1+ 48. Kd5 Rd1+ 49. Ke6 Rb1 50. b8=Q 1-0

[Event "53rd Groningen Open 2015"]
[Site "Groningen NED"]
[Date "2015.12.24"]
[Round "4.36"]
[White "Van Meegen, Ruud"]
[Black "Van Baar, Esper"]
[Result "1-0"]
[WhiteElo "2111"]
[BlackElo "2002"]
[WhiteFideId "1034995"]
[BlackFideId "1049321"]
[EventDate "2015.12.21"]

1. e4 c5 2. Nf3 d6 3. d4 cxd4 4. Nxd4 Nf6 5. Nc3 a6 6. Be3 e5 7. Nf3 Qc7 8. a4
Be7 9. Be2 Be6 10. O-O O-O 11. a5 Nbd7 12. Nd5 Nxd5 13. exd5 Bg4 14. Nd2 Bxe2
15. Qxe2 Rac8 16. c4 f5 17. f4 e4 18. b4 Nf6 19. Bb6 Qb8 20. Nb3 Bd8 21. Rfc1
Bxb6+ 22. axb6 Rce8 23. Rd1 Rf7 24. h3 e3 25. Rd3 Qd8 26. Rxe3 Qxb6 27. c5 Rxe3
28. Qxe3 Qxb4 29. c6 Qe4 30. Qb6 Qe7 31. Na5 bxc6 32. dxc6 Qa7 33. Rb1 Ne8 34.
Qxa7 Rxa7 35. Rb7 Ra8 36. c7 Rc8 37. Rb8 Rxc7 38. Rxe8+ Kf7 39. Re1 Rc5 40. Nb3
Rc4 1-0

[Event "53rd Groningen Open 2015"]
[Site "Groningen NED"]
[Date "2015.12.24"]
[Round "4.37"]
[White "Pajeken, Jakob Leon"]
[Black "Hagesather, Ellen"]
[Result "1-0"]
[BlackTitle "WIM"]
[WhiteElo "2101"]
[BlackElo "2172"]
[WhiteFideId "12942839"]
[BlackFideId "1501909"]
[EventDate "2015.12.21"]

1. e4 d6 2. d4 Nf6 3. Nc3 g6 4. f3 c6 5. Be3 Qb6 6. Qc1 Bg7 7. Bc4 h5 8. h4 Qc7
9. Qd2 b5 10. Bd3 Nbd7 11. Nh3 Nb6 12. b3 Bb7 13. Ng5 e6 14. a4 b4 15. Nd1 c5
16. Bb5+ Nbd7 17. dxc5 dxc5 18. Bf4 e5 19. Be3 O-O 20. c3 bxc3 21. Nxc3 Rad8 22.
Qf2 Bc6 23. O-O Bxb5 24. axb5 Ra8 25. Ra6 Rfc8 26. Rfa1 Qb7 27. Qe2 Rc7 28. Qa2
Nb6 29. b4 cxb4 30. Rxb6 Qc8 31. Nd1 b3 32. Qa6 Qe8 33. Rc6 Rd7 34. Rc3 Qd8 35.
Nf2 b2 36. Rb1 Rc7 37. Rxc7 Qxc7 38. Rxb2 Qc3 39. Re2 Qc4 40. Qa2 Qxb5 41. Qxf7+
Kh8 42. Qa2 a5 43. Nf7+ Kh7 44. Nh3 Bf8 45. Nhg5+ Kg7 46. Ne6+ Kh7 47. Nc7 1-0